عرض عادي
عرض مارك
- poste à poste (architecture informatique)
مدخل مصطلح موضوعي
001 - رقم الضبط
- حقل الضبط: 16296
003 - معرف رقم الضبط
- حقل الضبط: OSt
005 - تاريخ ووقت أخر عملية
- حقل الضبط: 20120624090216.0
008 - عناصر بيانات ثابتة الطول
- حقل تحكم ثابت الطول: 120624|||a|||||| | ||| d
040 ## - مصدر الفهرسة
- هيئة الفهرسة الأصلية: OSt
- وكالة الكتابة: OSt
150 ## - مدخل-- مصطلح تاريخي
- عنصر مدخل المصطلح الموضوعي او الاسم الجغرافي: poste à poste (architecture informatique)
- تفريع عام: réseau informatique.
670 ## - بيانات المصدر موجوده
- الاستشهاد بالمصدر: Work cat.: (OSt)0: Handbook of peer-to-peer networking /, c2010.
